Sports Quiz

Random Sports or NFL Quiz

Back to Back Super Bowl Winners Quiz Stats

 Plays Quiz not verified by Sporcle

Challenge
Share
Tweet
Embed
Score 0/8 Timer 03:00
0 Plays Today
Super Bowls Team % Correct
I and IIGreen Bay Packers
97.9%
IX and XPittsburgh Steelers
97.9%
XIII and XIVPittsburgh Steelers
97.9%
XXVII and XXVIIIDallas Cowboys
95.8%
XXXVIII and XXXIXNew England Patriots
90.3%
XXIII and XXIVSan Francisco 49ers
89.6%
XXXII and XXXIIIDenver Broncos
86%
VII and VIIIMiami Dolphins
85.4%

You're not logged in!

Compare scores with friends on all Sporcle quizzes.
OR
Log In

You Might Also Like...

Show Comments

Extras

Top Quizzes Today


Score Distribution

Your Account Isn't Verified!

In order to create a playlist on Sporcle, you need to verify the email address you used during registration. Go to your Sporcle Settings to finish the process.

Report this User

Report this user for behavior that violates our Community Guidelines.

Details: